000 00568nam a22001937a 4500
003 OSt
005 20260126090203.0
008 260126b |||||||| |||| 00| 0 eng d
020 _a0-07-111550-1
040 _aDWC-Main lib
_cOC
082 _aCirc. 658.1511 G241m 2006
100 _aGarrison, Ray H.
245 _a Managerial Accounting/
_cRay H. Garrison
260 _aN.Y :
_bMcgraw-Hill ,
_c c2006.
300 _axvi, 863 pages :
_b illustration ;
_c25cm.
504 _aIncludes index
650 _a1. Managerial Accounting
942 _2ddc
_cBK-CIRC
_kCirc.
_n0
999 _c7842
_d7842